Handbook of Human Factors Testing and Evaluation /

שמור ב:
מידע ביבליוגרפי
מחבר ראשי: Charlton, Samuel G. (ed.)
מחברים אחרים: O'Brien, Thomas G. (edición) (edición)
פורמט: ספר
שפה:אנגלית
יצא לאור: Londres, Inglaterra : Lawrence Erlbaum Associates, 2002, c2002
מהדורה:2a edición
נושאים:
תגים: הוספת תג
אין תגיות, היה/י הראשונ/ה לתייג את הרשומה!

MARC

LEADER 00000nam^a2200000^a^4500
001 000146436
005 20250521000000.0
009 20260310095911.619
020 |a 0-8058-3291-2 
037 |a Acervo ITESO - Biblioteca 
041 |a ING 
082 |a 620. 82  |b CHA 
100 |a Charlton, Samuel G.  |e (ed.) 
245 1 0 |a Handbook of Human Factors Testing and Evaluation /  |c Ed. de S.G. Charlton, T.G. O'Brien. 
250 |a 2a edición 
264 4 |a Londres, Inglaterra :  |b Lawrence Erlbaum Associates,  |c 2002, c2002 
300 |a XXV, 536 p. 
336 |a texto  |b txt  |2 rdacontenido 
337 |a sin mediación  |b n  |2 rdamedio 
338 |a volumen  |b nc  |2 rdasoporte 
649 |a XX 
650 |a Antropometría 
650 |a Ergonomía 
650 |a Ingeniería Industrial 
700 |a O'Brien, Thomas G.  |e (edición) 
910 |a Fondo General 
920 |a Impresos - Libros 
930 |a Colección General 
905 |a 101 
901 |a 0500075621  |b IT1  |c ACC  |u 20250521 
902 |a https://opac.biblio.iteso.mx/vufind/Record/000146436